000 00470nam a2200157 a 4500
001 000026304
005 20240307073947.0
008 110310s2008 dr 000 0 spa d
040 _aDO-SdBNP
_bspa
_cBNPHU
082 _axxx
_bP964a
245 0 0 _aPrograma académico de la especialidad en obstetricia y ginecología.
260 _aSanto Domingo :
_bUASD,
_c2008.
300 _a81 p. ;
_c19 cm.
049 _aBNPD
710 1 _aUniversidad Autónoma de Santo Domingo
_972951
999 _c25796
_d25796